Statistiques concernant Pays ayant le plus de Frontières

Cliquez ici pour prendre le quiz!

Statistiques générales

  • Ce quiz a été pris 442 fois
    (279 depuis la dernière actualisation)
  • Le résultat moyen est 17 sur 21

Statistiques - réponses

NombreContinentPays% Correct
13/14AsieChine
100%
14Asie/EuropeRussie
98%
10Amérique du SudBrésil
96%
9EuropeAllemagne
95%
11EuropeFrance
95%
9AfriqueRépublique Démocratique du Congo
91%
8EuropeAutriche
87%
7AsieInde
86%
8Asie/EuropeTurquie
86%
7EuropePologne
83%
7EuropeHongrie
79%
7AfriqueNiger
78%
7EuropeUkraine
77%
7AfriqueMali
76%
8EuropeSerbie
74%
7AfriqueSoudan
71%
7AsieIran
70%
7AsieArabie Saoudite
69%
7AfriqueAlgérie
63%
8AfriqueZambie
56%
8AfriqueTanzanie
50%

Distribution des résultats

Percentile par nombre de réponses

% des personnes avec chaque résultat

Votre développement - résultats

Vous n’avez pas pris ce quiz depuis la dernière actualisation